书目信息 |
| 题名: |
《党政领导干部公开选拔和竞争上岗考试大纲》复习指南
|
|
| 作者: | 程连昌 主编 | |
| 分册: | ||
| 出版信息: | 北京 国家行政学院出版社 2006 |
|
| 页数: | 550页 | |
| 开本: | 26cm | |
| 丛书名: | ||
| 单 册: | ||
| 中图分类: | D262.3 , D630.3 | |
| 科图分类: | ||
| 主题词: | 国家行政机关--领导人员--中国--考核--自学参考资料 , 国家行政机关 , 领导人员 | |
| 电子资源: | ||
| ISBN: | 7-80140-339-8 | |
| 000 | 01181nam0 2200313 450 | |
| 001 | 070730000381 | |
| 005 | 20071015091912.44 | |
| 010 | @a7-80140-339-8@dCNY60.00 | |
| 035 | @a003160113 | |
| 100 | @a20060426d2006 em y0chiy0110 ea | |
| 101 | 0 | @achi |
| 102 | @aCN@b110000 | |
| 105 | @ay z 000yy | |
| 200 | 1 | @a《党政领导干部公开选拔和竞争上岗考试大纲》复习指南@A《 dang zheng ling dao gan bu gong kai xuan ba he jing zheng shang gang kao shi da gang 》 fu xi zhi nan@e2006年最新版@f程连昌主编 |
| 205 | @a3版 | |
| 210 | @a北京@c国家行政学院出版社@d2006 | |
| 215 | @a550页@d26cm | |
| 300 | @a金榜版公开选拔系列-党政领导干部公开选拔和竞争上岗考试教材 | |
| 330 | @a本书是党政领导干部公开选拔和竞争上岗考试辅导书,共有7个部分,包括最新时政;政治;经济;法律;管理;科学技术;历史、国情国力、公文写作与处理等内容。 | |
| 601 | 02 | @a中国共产党 |
| 601 | 02 | @a中国共产党@x领导人员@x考核@j自学参考资料 |
| 606 | 0 | @a国家行政机关@x领导人员@y中国@x考核@j自学参考资料 |
| 606 | 0 | @a国家行政机关 |
| 606 | 0 | @a领导人员 |
| 690 | @aD262.3@v4 | |
| 690 | @aD630.3@v4 | |
| 701 | 0 | @a程连昌@Acheng lian chang@f(1931.5~)@4主编 |
| 801 | 0 | @aCN@c20071015 |
| 905 | @dD262.3@eC750 | |
| 《党政领导干部公开选拔和竞争上岗考试大纲》复习指南:2006年最新版/程连昌主编.-3版.-北京:国家行政学院出版社,2006 |
| 550页;26cm |
| 金榜版公开选拔系列-党政领导干部公开选拔和竞争上岗考试教材 |
| ISBN 7-80140-339-8:CNY60.00 |
| 本书是党政领导干部公开选拔和竞争上岗考试辅导书,共有7个部分,包括最新时政;政治;经济;法律;管理;科学技术;历史、国情国力、公文写作与处理等内容。 |
| ● |
| 相关链接 |
|
|
|
正题名:《党政领导干部公开选拔和竞争上岗考试大纲
索取号:D262.3/C750
 
预约/预借
| 序号 | 登录号 | 条形码 | 馆藏地/架位号 | 状态 | 备注 |
| 1 | 650856 | 206508563 | 社科库509/509社科库 69排6列2层/ [索取号:D262.3/C750] | 在馆 |